00403nam a22001337a 4500008004100000040005500041080001400096100002000110245005500130260003600185300001500221650001700236653001600253230515b |||||||| |||| 00| 0 eng d aNational Science LibrarycNational Science Library a551.5bN1 aKyle, Thomas G  aAtmospheric transmission, emission and scattering  aTokyo: bPergamon Press, c1991 axi, 287p.  aAtmospheric  aScattering